[Event "Hull 4NCL International"]
[Site "Hull"]
[Date "2021.10.23"]
[Round "3.2"]
[White "Arkell, Keith C"]
[Black "Gallana, Marco"]
[Result "0-1"]
[WhiteElo "2465"]
[BlackElo "2258"]
[PlyCount "0"]
[EventDate "2021.10.22"]

1. Nf3 {[%clk 01:27:23]} {[%emt 00:03:36]} Nf6 {[%clk 01:30:40]} {[%emt
00:00:21]} 2. c4 {[%clk 01:27:44]} {[%emt 00:00:09]} g6 {[%clk 01:28:33]}
{[%emt 00:02:37]} 3. Nc3 {[%clk 01:28:04]} {[%emt 00:00:09]} Bg7 {[%clk
01:27:00]} {[%emt 00:02:03]} 4. g3 {[%clk 01:28:02]} {[%emt 00:00:33]} c6
{[%clk 01:26:56]} {[%emt 00:00:34]} 5. e4 {[%clk 01:27:48]} {[%emt 00:00:43]}
d5 {[%clk 01:22:11]} {[%emt 00:05:15]} 6. cxd5 {[%clk 01:28:07]} {[%emt
00:00:11]} cxd5 {[%clk 01:22:29]} {[%emt 00:00:12]} 7. e5 {[%clk 01:28:30]}
{[%emt 00:00:08]} Ne4 {[%clk 01:16:58]} {[%emt 00:06:01]} 8. Nxe4 {[%clk
01:22:47]} {[%emt 00:06:13]} dxe4 {[%clk 01:17:17]} {[%emt 00:00:11]} 9. Qa4+
{[%clk 01:23:05]} {[%emt 00:00:12]} Nc6 {[%clk 01:14:23]} {[%emt 00:03:24]} 10.
Qxe4 {[%clk 01:21:50]} {[%emt 00:01:44]} Bf5 {[%clk 01:14:43]} {[%emt
00:00:10]} 11. Qf4 {[%clk 01:17:43]} {[%emt 00:04:38]} O-O {[%clk 01:12:55]}
{[%emt 00:02:18]} 12. Be2 {[%clk 01:12:41]} {[%emt 00:05:32]} Qd5 {[%clk
01:06:45]} {[%emt 00:06:40]} 13. O-O {[%clk 00:50:17]} {[%emt 00:22:54]} Nxe5
{[%clk 01:03:13]} {[%emt 00:04:03]} 14. d4 {[%clk 00:40:22]} {[%emt 00:10:24]}
Nxf3+ {[%clk 00:52:14]} {[%emt 00:11:28]} 15. Bxf3 {[%clk 00:39:32]} {[%emt
00:01:21]} Qxd4 {[%clk 00:52:32]} {[%emt 00:00:13]} 16. Qxd4 {[%clk 00:39:39]}
{[%emt 00:00:22]} Bxd4 {[%clk 00:52:54]} {[%emt 00:00:08]} 17. Bh6 {[%clk
00:39:52]} {[%emt 00:00:18]} Rfd8 {[%clk 00:50:43]} {[%emt 00:02:42]} 18. Rac1
{[%clk 00:34:15]} {[%emt 00:06:07]} Rac8 {[%clk 00:35:15]} {[%emt 00:15:58]} 19.
b3 {[%clk 00:29:35]} {[%emt 00:05:10]} b6 {[%clk 00:33:34]} {[%emt 00:02:10]}
20. Bb7 {[%clk 00:24:35]} {[%emt 00:05:30]} Rxc1 {[%clk 00:31:48]} {[%emt
00:02:16]} 21. Rxc1 {[%clk 00:24:51]} {[%emt 00:00:14]} Bc5 {[%clk 00:31:56]}
{[%emt 00:00:22]} 22. Kg2 {[%clk 00:23:58]} {[%emt 00:01:23]} f6 {[%clk
00:31:48]} {[%emt 00:00:38]} 23. h4 {[%clk 00:20:00]} {[%emt 00:04:27]} Kf7
{[%clk 00:31:25]} {[%emt 00:00:54]} 24. Bf3 {[%clk 00:19:45]} {[%emt 00:00:45]}
Be6 {[%clk 00:27:52]} {[%emt 00:04:03]} 25. Rc2 {[%clk 00:17:13]} {[%emt
00:03:03]} Bd5 {[%clk 00:25:20]} {[%emt 00:03:01]} 26. Bd2 {[%clk 00:16:54]}
{[%emt 00:00:50]} Bxf3+ {[%clk 00:23:02]} {[%emt 00:02:48]} 27. Kxf3 {[%clk
00:17:21]} {[%emt 00:00:02]} Rd5 {[%clk 00:23:05]} {[%emt 00:00:27]} 28. Ke2
{[%clk 00:15:20]} {[%emt 00:02:31]} a5 {[%clk 00:21:21]} {[%emt 00:02:15]} 29.
Be1 {[%clk 00:14:48]} {[%emt 00:01:02]} h5 {[%clk 00:21:03]} {[%emt 00:00:48]}
30. Rc4 {[%clk 00:14:40]} {[%emt 00:00:39]} e5 {[%clk 00:20:11]} {[%emt
00:01:21]} 31. f4 {[%clk 00:10:39]} {[%emt 00:04:31]} Ke6 {[%clk 00:15:52]}
{[%emt 00:04:50]} 32. fxe5 {[%clk 00:10:30]} {[%emt 00:00:39]} Rxe5+ {[%clk
00:15:48]} {[%emt 00:00:34]} 33. Kf1 {[%clk 00:10:54]} {[%emt 00:00:06]} f5
{[%clk 00:15:43]} {[%emt 00:00:35]} 34. Bd2 {[%clk 00:08:30]} {[%emt 00:02:55]}
Re4 {[%clk 00:14:26]} {[%emt 00:01:47]} 35. Rc2 {[%clk 00:07:47]} {[%emt
00:01:12]} a4 {[%clk 00:12:12]} {[%emt 00:02:44]} 36. bxa4 {[%clk 00:07:38]}
{[%emt 00:00:39]} Rxa4 {[%clk 00:12:35]} {[%emt 00:00:07]} 37. Bf4 {[%clk
00:07:10]} {[%emt 00:00:57]} Kd5 {[%clk 00:12:38]} {[%emt 00:00:28]} 38. Re2
{[%clk 00:04:54]} {[%emt 00:02:46]} Bd4 {[%clk 00:08:55]} {[%emt 00:04:12]} 39.
Kg2 {[%clk 00:03:27]} {[%emt 00:01:57]} b5 {[%clk 00:06:37]} {[%emt 00:02:49]}
40. Rc2 {[%clk 00:03:33]} {[%emt 00:00:24]} Rc4 {[%clk 00:04:10]} {[%emt
00:02:57]} 41. Rd2 {[%clk 00:03:23]} {[%emt 00:00:39]} Rb4 {[%clk 00:03:32]}
{[%emt 00:01:09]} 42. Kf3 {[%clk 00:01:11]} {[%emt 00:02:42]} Rb2 {[%clk
00:03:52]} {[%emt 00:00:10]} 43. Rxb2 {[%clk 00:01:37]} {[%emt 00:00:04]} Bxb2
{[%clk 00:04:16]} {[%emt 00:00:05]} 44. Bh6 {[%clk 00:00:58]} {[%emt 00:01:09]}
Be5 {[%clk 00:04:28]} {[%emt 00:00:18]} 45. Bf4 {[%clk 00:00:35]} {[%emt
00:00:53]} Bf6 {[%clk 00:04:49]} {[%emt 00:00:09]} 46. Ke3 {[%clk 00:00:43]}
{[%emt 00:00:22]} Kc4 {[%clk 00:05:10]} {[%emt 00:00:09]} 47. Kd2 {[%clk
00:00:56]} {[%emt 00:00:17]} Bd4 {[%clk 00:03:17]} {[%emt 00:02:23]} 48. Bc7
{[%clk 00:01:10]} {[%emt 00:00:16]} Bc5 {[%clk 00:02:24]} {[%emt 00:01:23]} 49.
Bf4 {[%clk 00:01:27]} {[%emt 00:00:13]} Bb6 {[%clk 00:02:33]} {[%emt 00:00:21]}
50. Be5 {[%clk 00:01:14]} {[%emt 00:00:43]} Kd5 {[%clk 00:02:43]} {[%emt
00:00:20]} 51. Bf4 {[%clk 00:01:23]} {[%emt 00:00:21]} Ke4 {[%clk 00:03:06]}
{[%emt 00:00:06]} 52. Ke2 {[%clk 00:01:49]} {[%emt 00:00:04]} Bd4 {[%clk
00:03:04]} {[%emt 00:00:32]} 53. Bc7 {[%clk 00:02:10]} {[%emt 00:00:09]} Bf6
{[%clk 00:01:50]} {[%emt 00:01:44]} 54. Bb8 {[%clk 00:02:13]} {[%emt 00:00:27]}
f4 {[%clk 00:01:23]} {[%emt 00:00:57]} 55. Bxf4 {[%clk 00:02:34]} {[%emt
00:00:09]} Bxh4 {[%clk 00:01:47]} {[%emt 00:00:06]} 56. Bd6 {[%clk 00:02:45]}
{[%emt 00:00:19]} Bf6 {[%clk 00:02:12]} {[%emt 00:00:05]} 57. Bc5 {[%clk
00:02:33]} {[%emt 00:00:42]} Bd4 {[%clk 00:02:21]} {[%emt 00:00:20]} 58. Be7
{[%clk 00:02:54]} {[%emt 00:00:09]} Be5 {[%clk 00:02:43]} {[%emt 00:00:09]} 59.
Kf2 {[%clk 00:03:04]} {[%emt 00:00:20]} Kf5 {[%clk 00:00:42]} {[%emt 00:02:32]}
60. Kf3 {[%clk 00:03:31]} {[%emt 00:00:03]} g5 {[%clk 00:01:06]} {[%emt
00:00:05]} 61. g4+ {[%clk 00:02:32]} {[%emt 00:01:29]} hxg4+ {[%clk 00:01:31]}
{[%emt 00:00:06]} 62. Kg2 {[%clk 00:02:56]} {[%emt 00:00:05]} Bf4 {[%clk
00:01:48]} {[%emt 00:00:12]} 63. Bd8 {[%clk 00:01:12]} {[%emt 00:02:14]} Ke4
{[%clk 00:02:12]} {[%emt 00:00:06]} 64. Be7 {[%clk 00:01:36]} {[%emt 00:00:06]}
Kd3 {[%clk 00:02:31]} {[%emt 00:00:12]} 65. a3 {[%clk 00:00:58]} {[%emt
00:01:08]} Kc4 {[%clk 00:02:54]} {[%emt 00:00:06]} 66. Kf2 {[%clk 00:01:09]}
{[%emt 00:00:19]} Kb3 {[%clk 00:03:19]} {[%emt 00:00:06]} 67. Kg2 {[%clk
00:01:32]} {[%emt 00:00:06]} Ka2 {[%clk 00:02:41]} {[%emt 00:01:08]} 68. Kf2
{[%clk 00:01:49]} {[%emt 00:00:13]} Bc1 {[%clk 00:01:18]} {[%emt 00:01:53]} 69.
Kg3 {[%clk 00:02:12]} {[%emt 00:00:07]} Bxa3 {[%clk 00:01:41]} {[%emt
00:00:07]} 70. Bxg5 {[%clk 00:02:36]} {[%emt 00:00:07]} b4 {[%clk 00:02:05]}
{[%emt 00:00:06]} 71. Kxg4 {[%clk 00:02:46]} {[%emt 00:00:19]} b3 {[%clk
00:02:10]} {[%emt 00:00:24]} 72. Bf6 {[%clk 00:03:09]} {[%emt 00:00:08]} Bb2
{[%clk 00:02:35]} {[%emt 00:00:05]} 73. Bg5 {[%clk 00:03:10]} {[%emt 00:00:29]}
Bd4 {[%clk 00:02:54]} {[%emt 00:00:11]} 74. Bc1 {[%clk 00:03:33]} {[%emt
00:00:08]} Be3 {[%clk 00:03:18]} {[%emt 00:00:05]}  0-1

[Event "Hull 4NCL International"]
[Site "Hull"]
[Date "2021.10.23"]
[Round "3.4"]
[White "Majumder, Shrayan"]
[Black "Jones, Steven A"]
[Result "0-1"]
[WhiteElo "1647"]
[BlackElo "2324"]
[PlyCount "0"]
[EventDate "2021.10.22"]

1. d4 {[%clk 01:30:52]} {[%emt 00:00:07]} Nf6 {[%clk 01:30:27]} {[%emt
00:00:34]} 2. c4 {[%clk 01:31:14]} {[%emt 00:00:07]} g6 {[%clk 01:30:33]}
{[%emt 00:00:24]} 3. Nf3 {[%clk 01:31:13]} {[%emt 00:00:31]} Bg7 {[%clk
01:30:38]} {[%emt 00:00:25]} 4. g3 {[%clk 01:31:07]} {[%emt 00:00:36]} O-O
{[%clk 01:29:30]} {[%emt 00:01:39]} 5. Bg2 {[%clk 01:31:18]} {[%emt 00:00:18]}
d6 {[%clk 01:29:24]} {[%emt 00:00:36]} 6. O-O {[%clk 01:31:10]} {[%emt
00:00:38]} Nc6 {[%clk 01:28:57]} {[%emt 00:00:58]} 7. Nc3 {[%clk 01:29:09]}
{[%emt 00:02:31]} Rb8 {[%clk 01:29:09]} {[%emt 00:00:19]} 8. d5 {[%clk
01:24:13]} {[%emt 00:05:25]} Na5 {[%clk 01:25:48]} {[%emt 00:03:51]} 9. Nd2
{[%clk 01:21:28]} {[%emt 00:03:15]} c5 {[%clk 01:24:55]} {[%emt 00:01:23]} 10.
Qc2 {[%clk 01:13:19]} {[%emt 00:08:39]} a6 {[%clk 01:25:17]} {[%emt 00:00:09]}
11. a3 {[%clk 01:11:58]} {[%emt 00:01:51]} b5 {[%clk 01:20:04]} {[%emt
00:05:43]} 12. cxb5 {[%clk 01:07:35]} {[%emt 00:04:53]} axb5 {[%clk 01:19:21]}
{[%emt 00:01:13]} 13. b4 {[%clk 01:07:57]} {[%emt 00:00:08]} cxb4 {[%clk
01:19:35]} {[%emt 00:00:16]} 14. axb4 {[%clk 01:08:22]} {[%emt 00:00:05]} Nc4
{[%clk 01:19:56]} {[%emt 00:00:09]} 15. Nxc4 {[%clk 01:08:32]} {[%emt
00:00:19]} bxc4 {[%clk 01:20:22]} {[%emt 00:00:05]} 16. Rb1 {[%clk 01:07:16]}
{[%emt 00:01:46]} Bd7 {[%clk 01:16:48]} {[%emt 00:04:04]} 17. Rd1 {[%clk
01:04:03]} {[%emt 00:03:42]} Qc7 {[%clk 01:14:00]} {[%emt 00:03:18]} 18. Be3
{[%clk 01:00:45]} {[%emt 00:03:48]} Ng4 {[%clk 01:10:08]} {[%emt 00:04:23]} 19.
Bd4 {[%clk 00:59:13]} {[%emt 00:02:01]} Bxd4 {[%clk 01:06:22]} {[%emt
00:04:17]} 20. Rxd4 {[%clk 00:59:36]} {[%emt 00:00:07]} Qa7 {[%clk 01:05:52]}
{[%emt 00:01:00]} 21. Qd2 {[%clk 00:54:37]} {[%emt 00:05:29]} f5 {[%clk
00:56:51]} {[%emt 00:09:31]} 22. h3 {[%clk 00:49:39]} {[%emt 00:05:29]} Ne5
{[%clk 00:55:09]} {[%emt 00:02:12]} 23. Rh4 {[%clk 00:47:15]} {[%emt 00:02:54]}
Qa3 {[%clk 00:51:40]} {[%emt 00:04:00]} 24. Qb2 {[%clk 00:40:43]} {[%emt
00:07:02]} Qxb2 {[%clk 00:51:51]} {[%emt 00:00:20]} 25. Rxb2 {[%clk 00:41:11]}
{[%emt 00:00:01]} Rb7 {[%clk 00:51:18]} {[%emt 00:01:03]} 26. Rd4 {[%clk
00:41:11]} {[%emt 00:00:29]} Rc7 {[%clk 00:43:19]} {[%emt 00:08:29]} 27. f4
{[%clk 00:40:46]} {[%emt 00:00:55]} Nf7 {[%clk 00:43:39]} {[%emt 00:00:11]} 28.
b5 {[%clk 00:38:20]} {[%emt 00:02:55]} Rb8 {[%clk 00:43:12]} {[%emt 00:00:57]}
29. b6 {[%clk 00:30:51]} {[%emt 00:08:00]} Rc5 {[%clk 00:43:10]} {[%emt
00:00:32]} 30. e3 {[%clk 00:29:45]} {[%emt 00:01:36]} Nd8 {[%clk 00:35:30]}
{[%emt 00:08:10]} 31. Bf1 {[%clk 00:28:47]} {[%emt 00:01:27]} Rbc8 {[%clk
00:30:15]} {[%emt 00:05:46]} 32. Rb4 {[%clk 00:26:39]} {[%emt 00:02:36]} Kf8
{[%clk 00:29:41]} {[%emt 00:01:05]} 33. Rdxc4 {[%clk 00:26:07]} {[%emt
00:01:02]} Nb7 {[%clk 00:29:17]} {[%emt 00:00:54]} 34. Rxc5 {[%clk 00:24:09]}
{[%emt 00:02:28]} Nxc5 {[%clk 00:29:19]} {[%emt 00:00:28]} 35. Nb5 {[%clk
00:21:13]} {[%emt 00:03:26]} Na6 {[%clk 00:24:58]} {[%emt 00:04:52]} 36. Rb1
{[%clk 00:19:46]} {[%emt 00:01:56]} Nc5 {[%clk 00:18:26]} {[%emt 00:07:02]} 37.
Na7 {[%clk 00:19:08]} {[%emt 00:01:08]} Rb8 {[%clk 00:18:44]} {[%emt 00:00:12]}
38. Nc6 {[%clk 00:17:12]} {[%emt 00:02:26]} Rb7 {[%clk 00:18:07]} {[%emt
00:01:08]} 39. Na5 {[%clk 00:16:54]} {[%emt 00:00:48]} Rb8 {[%clk 00:18:18]}
{[%emt 00:00:19]} 40. b7 {[%clk 00:14:55]} {[%emt 00:02:28]} Ke8 {[%clk
00:14:20]} {[%emt 00:04:28]} 41. Ra1 {[%clk 00:12:21]} {[%emt 00:03:04]} Kf7
{[%clk 00:12:43]} {[%emt 00:02:08]} 42. Nc6 {[%clk 00:12:31]} {[%emt 00:00:20]}
Rxb7 {[%clk 00:12:07]} {[%emt 00:01:06]} 43. Nd8+ {[%clk 00:12:54]} {[%emt
00:00:06]} Kf6 {[%clk 00:12:23]} {[%emt 00:00:14]} 44. Nxb7 {[%clk 00:13:19]}
{[%emt 00:00:04]} Nxb7 {[%clk 00:12:51]} {[%emt 00:00:03]} 45. Rb1 {[%clk
00:12:14]} {[%emt 00:01:35]} Nc5 {[%clk 00:13:16]} {[%emt 00:00:05]} 46. Bb5
{[%clk 00:12:18]} {[%emt 00:00:26]} Bc8 {[%clk 00:13:33]} {[%emt 00:00:13]} 47.
Bc6 {[%clk 00:12:13]} {[%emt 00:00:35]} h5 {[%clk 00:13:23]} {[%emt 00:00:40]}
48. Rb8 {[%clk 00:11:44]} {[%emt 00:00:58]} Ba6 {[%clk 00:13:47]} {[%emt
00:00:07]} 49. Kh2 {[%clk 00:11:00]} {[%emt 00:01:14]} Bd3 {[%clk 00:13:33]}
{[%emt 00:00:44]} 50. Rg8 {[%clk 00:10:54]} {[%emt 00:00:35]} Kf7 {[%clk
00:13:35]} {[%emt 00:00:29]} 51. Ra8 {[%clk 00:11:02]} {[%emt 00:00:22]} Be4
{[%clk 00:13:14]} {[%emt 00:00:51]} 52. Ra1 {[%clk 00:08:08]} {[%emt 00:03:23]}
Kf6 {[%clk 00:12:50]} {[%emt 00:00:55]} 53. Rd1 {[%clk 00:06:46]} {[%emt
00:01:51]} Kf7 {[%clk 00:08:01]} {[%emt 00:05:20]} 54. Bb5 {[%clk 00:07:07]}
{[%emt 00:00:09]} Bf3 {[%clk 00:08:10]} {[%emt 00:00:20]} 55. Rd2 {[%clk
00:06:53]} {[%emt 00:00:44]} Be4 {[%clk 00:08:35]} {[%emt 00:00:06]} 56. Bf1
{[%clk 00:07:05]} {[%emt 00:00:18]} Kf6 {[%clk 00:08:42]} {[%emt 00:00:23]} 57.
Bg2 {[%clk 00:07:16]} {[%emt 00:00:18]} Bd3 {[%clk 00:08:36]} {[%emt 00:00:37]}
58. Bf3 {[%clk 00:07:23]} {[%emt 00:00:23]} Bc4 {[%clk 00:08:15]} {[%emt
00:00:52]} 59. Rb2 {[%clk 00:06:48]} {[%emt 00:01:05]} Bd3 {[%clk 00:08:06]}
{[%emt 00:00:39]} 60. Rb8 {[%clk 00:07:11]} {[%emt 00:00:06]} Bc4 {[%clk
00:07:24]} {[%emt 00:01:12]} 61. Rb4 {[%clk 00:07:02]} {[%emt 00:00:39]} Bd3
{[%clk 00:07:16]} {[%emt 00:00:38]} 62. Bg2 {[%clk 00:07:18]} {[%emt 00:00:14]}
Bc2 {[%clk 00:07:21]} {[%emt 00:00:26]} 63. Rb8 {[%clk 00:07:25]} {[%emt
00:00:23]} Bd3 {[%clk 00:07:40]} {[%emt 00:00:12]} 64. g4 {[%clk 00:07:25]}
{[%emt 00:00:29]} hxg4 {[%clk 00:07:48]} {[%emt 00:00:22]} 65. hxg4 {[%clk
00:07:50]} {[%emt 00:00:05]} fxg4 {[%clk 00:07:52]} {[%emt 00:00:26]} 66. Kg3
{[%clk 00:08:13]} {[%emt 00:00:06]} Bf5 {[%clk 00:06:13]} {[%emt 00:02:10]} 67.
Rb4 {[%clk 00:08:00]} {[%emt 00:00:43]} g5 {[%clk 00:06:32]} {[%emt 00:00:12]}
68. Rd4 {[%clk 00:07:47]} {[%emt 00:00:43]} Bd7 {[%clk 00:06:22]} {[%emt
00:00:40]} 69. Bf1 {[%clk 00:06:42]} {[%emt 00:01:34]} Bf5 {[%clk 00:06:30]}
{[%emt 00:00:23]} 70. Be2 {[%clk 00:05:47]} {[%emt 00:01:24]} Ne4+ {[%clk
00:06:42]} {[%emt 00:00:18]} 71. Kg2 {[%clk 00:05:59]} {[%emt 00:00:18]} gxf4
{[%clk 00:06:47]} {[%emt 00:00:26]} 72. Bxg4 {[%clk 00:03:48]} {[%emt
00:02:41]} fxe3 {[%clk 00:06:20]} {[%emt 00:00:57]} 73. Kf3 {[%clk 00:03:22]}
{[%emt 00:00:55]} Bxg4+ {[%clk 00:06:01]} {[%emt 00:00:50]} 74. Kxe3 {[%clk
00:02:02]} {[%emt 00:01:50]} Bf5 {[%clk 00:06:04]} {[%emt 00:00:27]} 75. Kf4
{[%clk 00:01:53]} {[%emt 00:00:37]} Nc5 {[%clk 00:06:12]} {[%emt 00:00:23]} 76.
Rd1 {[%clk 00:02:06]} {[%emt 00:00:17]} Nd3+ {[%clk 00:06:24]} {[%emt
00:00:19]} 77. Ke3 {[%clk 00:02:27]} {[%emt 00:00:09]} Ke5 {[%clk 00:06:47]}
{[%emt 00:00:07]} 78. Rf1 {[%clk 00:02:37]} {[%emt 00:00:19]} Nc5 {[%clk
00:07:03]} {[%emt 00:00:15]} 79. Rh1 {[%clk 00:02:19]} {[%emt 00:00:48]} Kxd5
{[%clk 00:07:17]} {[%emt 00:00:16]} 80. Rh5 {[%clk 00:02:41]} {[%emt 00:00:07]}
Ke5 {[%clk 00:07:43]} {[%emt 00:00:06]} 81. Rh8 {[%clk 00:02:55]} {[%emt
00:00:15]} d5 {[%clk 00:07:45]} {[%emt 00:00:28]} 82. Rd8 {[%clk 00:03:14]}
{[%emt 00:00:10]} Bd7 {[%clk 00:07:25]} {[%emt 00:00:51]} 83. Rh8 {[%clk
00:03:31]} {[%emt 00:00:13]} d4+ {[%clk 00:07:49]} {[%emt 00:00:06]} 84. Kd2
{[%clk 00:04:00]} {[%emt 00:00:01]} Kd5 {[%clk 00:08:07]} {[%emt 00:00:12]} 85.
Rh5+ {[%clk 00:04:21]} {[%emt 00:00:08]} e5 {[%clk 00:08:32]} {[%emt 00:00:05]}
86. Rh4 {[%clk 00:04:43]} {[%emt 00:00:07]} Bb5 {[%clk 00:08:18]} {[%emt
00:00:45]} 87. Rh5 {[%clk 00:05:05]} {[%emt 00:00:07]} Ne4+ {[%clk 00:08:40]}
{[%emt 00:00:09]} 88. Ke1 {[%clk 00:05:33]} {[%emt 00:00:02]} d3 {[%clk
00:08:56]} {[%emt 00:00:14]} 89. Kd2 {[%emt 00:02:07]}  0-1

[Event "Hull 4NCL International"]
[Site "Hull"]
[Date "2021.10.23"]
[Round "3.5"]
[White "Lalic, Peter D"]
[Black "Ther, Mate"]
[Result "1/2-1/2"]
[WhiteElo "2268"]
[BlackElo "2062"]
[PlyCount "0"]
[EventDate "2021.10.22"]

1. Nf3 {[%clk 01:28:15]} {[%emt 00:02:44]} Nf6 {[%clk 01:30:21]} {[%emt
00:00:40]} 2. d3 {[%clk 01:24:44]} {[%emt 00:04:00]} c5 {[%clk 01:30:14]}
{[%emt 00:00:37]} 3. Bg5 {[%clk 01:24:12]} {[%emt 00:01:01]} g6 {[%clk
01:30:16]} {[%emt 00:00:29]} 4. Nc3 {[%clk 01:20:51]} {[%emt 00:03:51]} Bg7
{[%clk 01:30:39]} {[%emt 00:00:07]} 5. h3 {[%clk 01:13:20]} {[%emt 00:08:02]}
b5 {[%clk 01:29:30]} {[%emt 00:01:39]} 6. e4 {[%clk 01:11:52]} {[%emt
00:01:58]} b4 {[%clk 01:29:23]} {[%emt 00:00:36]} 7. Ne2 {[%clk 01:11:08]}
{[%emt 00:01:13]} Nc6 {[%clk 01:29:34]} {[%emt 00:00:20]} 8. Qd2 {[%clk
01:05:22]} {[%emt 00:06:16]} Bb7 {[%clk 01:29:33]} {[%emt 00:00:30]} 9. Bh6
{[%clk 01:04:06]} {[%emt 00:01:44]} O-O {[%clk 01:28:45]} {[%emt 00:01:21]} 10.
Ng3 {[%clk 00:55:23]} {[%emt 00:09:13]} d5 {[%clk 01:25:50]} {[%emt 00:03:25]}
11. e5 {[%clk 00:39:07]} {[%emt 00:16:47]} Ne8 {[%clk 01:22:28]} {[%emt
00:03:51]} 12. d4 {[%clk 00:30:50]} {[%emt 00:08:47]} cxd4 {[%clk 01:17:33]}
{[%emt 00:05:25]} 13. Bd3 {[%clk 00:25:45]} {[%emt 00:05:35]} f6 {[%clk
01:17:21]} {[%emt 00:00:42]} 14. h4 {[%clk 00:19:28]} {[%emt 00:06:47]} Nxe5
{[%clk 01:13:55]} {[%emt 00:03:57]} 15. Nxe5 {[%clk 00:15:23]} {[%emt
00:04:36]} fxe5 {[%clk 01:13:52]} {[%emt 00:00:32]} 16. Bxg7 {[%clk 00:09:17]}
{[%emt 00:06:36]} Nxg7 {[%clk 01:13:48]} {[%emt 00:00:34]} 17. h5 {[%clk
00:09:39]} {[%emt 00:00:09]} e4 {[%clk 01:13:19]} {[%emt 00:00:58]} 18. hxg6
{[%clk 00:09:01]} {[%emt 00:01:08]} hxg6 {[%clk 01:12:58]} {[%emt 00:00:51]} 19.
Be2 {[%clk 00:07:50]} {[%emt 00:01:40]} Qd6 {[%clk 01:13:20]} {[%emt 00:00:08]}
20. Qxd4 {[%clk 00:05:55]} {[%emt 00:02:26]} a5 {[%clk 01:10:55]} {[%emt
00:02:55]} 21. O-O-O {[%clk 00:00:41]} {[%emt 00:05:44]} Qf4+ {[%clk 01:11:16]}
{[%emt 00:00:09]} 22. Qe3 {[%clk 00:00:32]} {[%emt 00:00:39]} Qxf2 {[%clk
01:10:50]} {[%emt 00:00:56]} 23. Qxf2 {[%clk 00:00:47]} {[%emt 00:00:15]} Rxf2
{[%clk 01:11:14]} {[%emt 00:00:06]} 24. Rh2 {[%clk 00:00:51]} {[%emt 00:00:27]}
Bc6 {[%clk 01:09:36]} {[%emt 00:02:07]} 25. Kd2 {[%clk 00:00:34]} {[%emt
00:00:47]} Rf6 {[%clk 01:09:05]} {[%emt 00:01:01]} 26. c3 {[%clk 00:00:42]}
{[%emt 00:00:23]} e5 {[%clk 01:09:27]} {[%emt 00:00:07]} 27. Rdh1 {[%clk
00:00:35]} {[%emt 00:00:37]} Kf7 {[%clk 01:09:36]} {[%emt 00:00:20]} 28. Rh8
{[%clk 00:00:43]} {[%emt 00:00:23]} bxc3+ {[%clk 01:09:16]} {[%emt 00:00:50]}
29. bxc3 {[%clk 00:01:12]} {[%emt 00:00:01]} Ra7 {[%clk 01:07:33]} {[%emt
00:02:13]} 30. R1h7 {[%clk 00:01:24]} {[%emt 00:00:17]} Rb7 {[%clk 01:07:11]}
{[%emt 00:00:53]} 31. Nxe4 {[%clk 00:01:31]} {[%emt 00:00:23]} dxe4 {[%clk
01:01:46]} {[%emt 00:05:54]} 32. Bc4+ {[%clk 00:02:00]} {[%emt 00:00:01]} Ke7
{[%clk 01:02:04]} {[%emt 00:00:12]} 33. Rxg7+ {[%clk 00:02:25]} {[%emt
00:00:06]} Kd6 {[%clk 01:02:29]} {[%emt 00:00:05]} 34. Rxb7 {[%clk 00:02:25]}
{[%emt 00:00:30]} Bxb7 {[%clk 01:02:51]} {[%emt 00:00:07]} 35. Ke3 {[%clk
00:02:12]} {[%emt 00:00:43]} Kc5 {[%clk 01:02:13]} {[%emt 00:01:08]} 36. Be2
{[%clk 00:02:09]} {[%emt 00:00:32]} Bd5 {[%clk 01:02:06]} {[%emt 00:00:38]} 37.
Rb8 {[%clk 00:01:56]} {[%emt 00:00:43]} Rb6 {[%clk 01:01:24]} {[%emt 00:01:12]}
38. Rc8+ {[%clk 00:01:49]} {[%emt 00:00:36]} Rc6 {[%clk 01:01:27]} {[%emt
00:00:27]} 39. Ra8 {[%clk 00:01:00]} {[%emt 00:01:19]} Kd6 {[%clk 00:58:59]}
{[%emt 00:02:59]} 40. Rd8+ {[%clk 00:01:03]} {[%emt 00:00:27]} Kc5 {[%clk
00:57:28]} {[%emt 00:02:01]} 41. Ra8 {[%clk 00:01:31]} {[%emt 00:00:02]} Kd6
{[%clk 00:57:14]} {[%emt 00:00:44]} 42. Rd8+ {[%clk 00:01:57]} {[%emt
00:00:04]} Kc5 {[%emt 00:00:10]}  1/2-1/2